Welcome to the Holygrace Academy Library

Please use search bar below to get started

BHAGAVATHAM NITHYAJEEVITHATHIL (Record no. 5497)

MARC details
000 -LEADER
fixed length control field 00340nam a22001337a 4500
082 ## - DEWEY DECIMAL CLASSIFICATION NUMBER
Classification number 894.812
Item number BHO/B
100 ## - MAIN ENTRY--AUTHOR NAME
Personal name BOOMANANDHATHEERTHAR, SWAMI
245 ## - TITLE STATEMENT
Title BHAGAVATHAM NITHYAJEEVITHATHIL
260 ## - PUBLICATION, DISTRIBUTION, ETC. (IMPRINT)
Place of publication PARALAM
Name of publisher MANAGING TRUSTEE, NARAYANASHRAMA TAPOVANAM
Year of publication 2006
300 ## - PHYSICAL DESCRIPTION
Number of Pages 219
520 ## - SUMMARY, ETC.
Summary, etc RELIGIOUS
650 ## - SUBJECT ADDED ENTRY--TOPICAL TERM
Topical Term RELIGIOUS
942 ## - ADDED ENTRY ELEMENTS (KOHA)
Koha item type Books
Holdings
Withdrawn status Lost status Collection code Home library Current library Shelving location Date acquired Source of acquisition Cost, normal purchase price Full call number Accession Number Koha item type
    Fiction Main Library Main Library SHELF-16L- MALAYALAM BIOGRAPHY,STUDIES/CRITICISM 12/05/2010 CONTRIBUTION 150.00 894.812 BHO/B 02740 Books